Boston Bruins Franchise Quiz - Statistics

General Stats
  • This quiz has been taken 209 times
  • The average score is 22 of 34
Answer Stats
Hint Answer % Correct
624 assists Bobby Orr
95%
#4 Bobby Orr
95%
1518 games played Ray Bourque
92%
1506 points Ray Bourque
92%
1111 assists Ray Bourque
92%
1985-2000 Ray Bourque
92%
#77 Ray Bourque
92%
2006-Present Zdeno Chára
90%
1089* games played Patrice Bergeron
87%
291* wins Tuukka Rask
84%
1012 points Phil Esposito
83%
459 goals Phil Esposito
83%
#7 Phil Esposito
83%
1436 games played Johnny Bucyk
72%
1339 points Johnny Bucyk
72%
545 goals Johnny Bucyk
72%
794 assists Johnny Bucyk
72%
#9 Johnny Bucyk
72%
301 fights Montreal Canadiens
70%
#8 Cam Neely
66%
185 fights Toronto Maple Leafs
65%
2095 penalty minutes Terry O'Reilly
58%
#24 Terry O'Reilly
58%
#2 Eddie Shore
52%
#15 Milt Schmidt
47%
402 goals Rick Middleton
47%
232 fights Buffalo Sabres
40%
252 wins Tiny Thompson
40%
1932-38, 39-47 Dit Clapper
37%
#5 Dit Clapper
37%
230 wins Frank Brimsek
15%
#3 Lionel Hitchman
15%
1552 penalty minutes Mike Milbury
10%
1261 penalty minutes Keith Crowder
3%
No matching quizzes found
Score Distribution
Percent of People with Each Score
Percentile by Number Answered
Your Score History
You have not taken this quiz